[Event "American Continental Rapid 18th"]
[Site "Medellin"]
[Date "2024.06.01"]
[Round "2"]
[White "Diaz Padilla, Richard"]
[Black "Vergara Rozas, Jose Francisco"]
[Result "0-1"]
[WhiteElo "1799"]
[BlackElo "1977"]
[PlyCount "94"]
[EventDate "2024.06.01"]
[EventType "swiss (rapid)"]
[EventRounds "9"]
[EventCountry "COL"]
[SourceTitle "CBM 220 Extra"]
[Source "ChessBase"]
[SourceDate "2024.07.31"]
[SourceVersion "1"]
[SourceVersionDate "2024.07.31"]
[SourceQuality "1"]

1. Nf3 Nf6 2. b3 d6 3. Bb2 e5 4. d4 e4 5. Nfd2 d5 6. e3 Bd6 7. c4 c6 8. Nc3 Be6 9. h3 a6 10. f4 h5 11. Qc2 b5 12. Be2 Nbd7 13. 0-0 g6 14. Nd1 Ng8 15. Nxe4 dxe4 16. d5 cxd5 17. Bxh8 bxc4 18. bxc4 f6 19. cxd5 Bxd5 20. Nf2 Qb6 21. Qd2 Ne7 22. Rad1 Bc5 23. Rb1 Qa7 24. Kh2 Bxe3 25. Qe1 Bxf4+ 26. g3 Be5 27. Rd1 h4 28. Nh1 Qe3 29. Bg4 hxg3+ 30. Nxg3 Qxe1 31. Rdxe1 f5 32. Bxe5 Nxe5 33. Be2 Bxa2 34. Ra1 Bd5 35. Rxa6 Rb8 36. Ra5 Rb2 37. Kg1 N5c6 38. Rc5 Nd4 39. Bd1 Kd7 40. Rf2 Rb1 41. Rf1 Kd6 42. Rc3 f4 43. Bg4 Rxf1+ 44. Nxf1 e3 45. Rc1 Nef5 46. Re1 Nh4 47. Nh2 Be4 0-1

[Event "American Continental Rapid 18th"]
[Site "Medellin"]
[Date "2024.06.01"]
[Round "7"]
[White "Loaiza Cuervo, Santiago"]
[Black "Diaz Padilla, Richard"]
[Result "1-0"]
[WhiteElo "1984"]
[BlackElo "1799"]
[PlyCount "87"]
[EventDate "2024.06.01"]
[EventType "swiss (rapid)"]
[EventRounds "9"]
[EventCountry "COL"]
[SourceTitle "CBM 220 Extra"]
[Source "ChessBase"]
[SourceDate "2024.07.31"]
[SourceVersion "1"]
[SourceVersionDate "2024.07.31"]
[SourceQuality "1"]

1. e4 e5 2. Nf3 Nc6 3. Bb5 Nf6 4. 0-0 Nxe4 5. d4 Nd6 6. dxe5 Nxb5 7. a4 Nbd4 8. Nxd4 Nxd4 9. Qxd4 Be7 10. Nc3 0-0 11. Bf4 f6 12. Nd5 fxe5 13. Bxe5 c6 14. Nxe7+ Qxe7 15. Bd6 Qf6 16. Qc4+ Qf7 17. Qxf7+ Rxf7 18. Rfe1 h6 19. Re8+ Kh7 20. Rae1 b6 21. R1e7 Bb7 22. Rxf7 Rxe8 23. f4 Bc8 24. Be5 Rg8 25. Kf2 a6 26. Kg3 Kg6 27. Re7 c5 28. Kh4 h5 29. h3 Bb7 30. g4 hxg4 31. hxg4 Bc6 32. f5+ Kh7 33. g5 Be4 34. g6+ Kh8 35. Kg5 Bxc2 36. Rxd7 Bxa4 37. Rb7 Bc2 38. Rxb6 Rf8 39. f6 gxf6+ 40. Bxf6+ Kg8 41. Rc6 Rb8 42. Rc7 c4 43. Rh7 Rb5+ 44. Kh6 1-0